000 00661nam a2200193 i 4500
001 bg
100 1 _aGASIAK, Grzegorz
245 0 _aTeoretyczna i doświadczalna analiza dużych odkształceń powłok obrotowych /
_cGrzegorz Gasiak.
260 _aOpole :
_bWSI,
_c1990.
300 _a162 s. :
_brys., wykr. ;
_c24 cm.
490 1 _aStudia i Monografie / Wyższa Szkoła Inżynierska w Opolu,
_x0239-5991 ;
_vz. 21
504 _aBibliogr. s. 135-155.
830 0 _aStudia i Monografie (Wyższa Szkoła Inżynierska w Opolu) ;
_vz. 21
040 _cBPK
041 _apol
080 _a539.5:624.07
942 _cKS
008 s pl f |000 0 pol
999 _c29303
_d29303
856 _uhttp://koha.tu.koszalin.pl/cgi-bin/koha/opac-detail.pl?biblionumber=29303
_yKatalog online BPK